Catálogo de la Biblioteca Horacio González - Universidad Nacional de General Sarmiento

El tren de la vida (Registro nro. 54511)

Detalles MARC
000 -CABECERA
campo de control de longitud fija 01160ngm a22003370a 4500
001 - NÚMERO DE CONTROL
campo de control PT19094
003 - IDENTIFICADOR DEL NÚMERO DE CONTROL
campo de control AR-LpoUNG
005 - FECHA Y HORA DE LA ÚLTIMA TRANSACCIÓN
campo de control 20210202000257.0
007 - CAMPO FIJO DE DESCRIPCIÓN FÍSICA--INFORMACIÓN GENERAL
campo de control de longitud fija vd cvaizq
008 - DATOS DE LONGITUD FIJA--INFORMACIÓN GENERAL
campo de control de longitud fija 191001s2000||||ag |||||||||||||||||eng d
037 ## - FUENTE DE ADQUISICIÓN
Condiciones de disponibilidad $16.63
040 ## - FUENTE DE LA CATALOGACIÓN
Centro catalogador/agencia de origen AR-LpoUNG
Lengua de catalogación spa
Centro/agencia transcriptor AR-LpoUNG
Normas de descripción aacr
041 ## - CÓDIGO DE LENGUA
Código de lengua del texto/banda sonora o título independiente eng
-- spa
044 ## - CÓDIGO DEL PAÍS DE LA ENTIDAD EDITORA/PRODUCTORA
Código MARC del país ag
082 0# - NÚMERO DE LA CLASIFICACIÓN DECIMAL DEWEY
Número de clasificación 305.8 634tre
100 1# - ENTRADA PRINCIPAL--NOMBRE DE PERSONA
Nombre de persona Mihaileanu, Radu
Término indicativo de función/relación dir.
245 13 - MENCIÓN DE TÍTULO
Título El tren de la vida
260 ## - PUBLICACIÓN, DISTRIBUCIÓN, ETC.
Lugar de publicación, distribución, etc. San Luis :
Nombre del editor, distribuidor, etc. AVH,
Fecha de publicación, distribución, etc. 2000.
300 ## - DESCRIPCIÓN FÍSICA
Extensión VHS (103 min.) : son., col.
505 0# - NOTA DE CONTENIDO CON FORMATO
Nota de contenido con formato Diálogos en inglés, subtítulos en castellano
520 ## - SUMARIO, ETC.
Sumario, etc. Una tarde de 1941, el loco del pueblo, regresa con novedades:todos los habitantes judios de los pueblos vecinos estan siendo reportados a destinos no conocidos por los nazis. El consejo de hombres sabios se reune para buscar la manera de salvar su comunidad y deciden organizar un falso tren para deportarlos.
650 #4 - PUNTO DE ACCESO ADICIONAL DE MATERIA--TÉRMINO DE MATERIA
Término de materia o nombre geográfico como elemento de entrada ANTISEMITISMO
650 #4 - PUNTO DE ACCESO ADICIONAL DE MATERIA--TÉRMINO DE MATERIA
Término de materia o nombre geográfico como elemento de entrada JUDIOS
651 #4 - PUNTO DE ACCESO ADICIONAL DE MATERIA--NOMBRE GEOGRÁFICO
Nombre geográfico Mundial
653 ## - TÉRMINO DE INDIZACIÓN--NO CONTROLADO
Término no controlado NAZIS
653 ## - TÉRMINO DE INDIZACIÓN--NO CONTROLADO
Término no controlado VIDEOS
710 2# - PUNTO DE ACCESO ADICIONAL--NOMBRE DE ENTIDAD CORPORATIVA
Nombre de entidad corporativa o nombre de jurisdicción como elemento de entrada Noe Productions (firma comercial)
710 2# - PUNTO DE ACCESO ADICIONAL--NOMBRE DE ENTIDAD CORPORATIVA
Nombre de entidad corporativa o nombre de jurisdicción como elemento de entrada Raphael Films (firma comercial)
905 ## - ELEMENTOS DE DATOS E LOCAL, LDE (RLIN)
a 19094
942 ## - ELEMENTOS DE PUNTO DE ACCESO ADICIONAL (KOHA)
Tipo de ítem Koha Video
Existencias
Estado de retiro Estado de pérdida Estado dañado No para préstamo Código de colección Localización permanente Ubicación/localización actual Fecha de adquisición Total de préstamos Signatura topográfica completa Código de barras Fecha visto por última vez Precio válido a partir de Tipo de ítem Koha
        Colección Cine Biblioteca Universidad Nacional de General Sarmiento Biblioteca Universidad Nacional de General Sarmiento 02/02/2021   305.8 634tre 00021176 02/02/2021 02/02/2021 Video